ბათუმის შოთა რუსთაველის სახელმწიფო უნივერსიტეტის ბიბლიოთეკა

Железобетонные конструкции. (ბიბ.ჩანაწერი № 38745)

000 -LEADER
fixed length control field 00712nam a2200229Ia 4500
001 - CONTROL NUMBER
control field 5062
003 - CONTROL NUMBER IDENTIFIER
control field GE_BSU
008 - FIXED-LENGTH DATA ELEMENTS--GENERAL INFORMATION
fixed length control field 181216s||||||||xx |||||||||||||| ||und||
040 ## - CATALOGING SOURCE
Transcribing agency GE_BSU
080 ## - UNIVERSAL DECIMAL CLASSIFICATION NUMBER
Universal Decimal Classification number 624.012.45(075)
100 ## - MAIN ENTRY--PERSONAL NAME
Personal name Сахновский,К.В.
245 ## - TITLE STATEMENT
Title Железобетонные конструкции.
245 ## - TITLE STATEMENT
Remainder of title Учебн.
245 ## - TITLE STATEMENT
Statement of responsibility, etc. Научный ред. Р.И.Трепененков.
250 ## - EDITION STATEMENT
Edition statement Изд. 8-е, перераб.
260 ## - PUBLICATION, DISTRIBUTION, ETC.
Place of publication, distribution, etc. М.
260 ## - PUBLICATION, DISTRIBUTION, ETC.
Name of publisher, distributor, etc. Госстройиздат.
260 ## - PUBLICATION, DISTRIBUTION, ETC.
Date of publication, distribution, etc. 1961.
300 ## - PHYSICAL DESCRIPTION
Extent 840 стр. с илл. 27 см. Библиогр.: стр.824-830.
653 ## - INDEX TERM--UNCONTROLLED
Uncontrolled term Железобетонные конструкции.
942 ## - ADDED ENTRY ELEMENTS (KOHA)
Koha item type წიგნი
ეგზემპლარები
Withdrawn status Lost status Damaged status Not for loan Date acquired Barcode Date last seen Price effective from Koha item type
        2018-12-17 11435 2018-12-17 2018-12-17 წიგნი
        2018-12-17 11436 2018-12-17 2018-12-17 წიგნი
        2018-12-17 11438 2018-12-17 2018-12-17 წიგნი
        2018-12-17 11437 2018-12-17 2018-12-17 წიგნი